MARC details
| 000 -LEADER |
| fixed length control field |
02201cam a22004215i 4500 |
| 001 - CONTROL NUMBER |
| control field |
3839039 |
| 003 - CONTROL NUMBER IDENTIFIER |
| control field |
EG-ScBUE |
| 005 - DATE AND TIME OF LATEST TRANSACTION |
| control field |
20200308114620.0 |
| 008 - FIXED-LENGTH DATA ELEMENTS--GENERAL INFORMATION |
| fixed length control field |
870325r19891987waua f b 101 0 eng d |
| 020 ## - INTERNATIONAL STANDARD BOOK NUMBER |
| International Standard Book Number |
0841209839 |
| 040 ## - CATALOGING SOURCE |
| Original cataloging agency |
DLC |
| Language of cataloging |
eng |
| Description conventions |
rda |
| Transcribing agency |
DLC |
| Modifying agency |
DLC |
| -- |
EG-ScBUE |
| 082 04 - DEWEY DECIMAL CLASSIFICATION NUMBER |
| Classification number |
628.168 |
| Item number |
SOU |
| Edition number |
22 |
| 245 00 - TITLE STATEMENT |
| Title |
Sources and fates of aquatic pollutants / |
| Statement of responsibility, etc |
Ronald A. Hites, editor, Indiana University, S. J. Eisenreich, editor, University of Minnesota. |
| 250 ## - EDITION STATEMENT |
| Edition statement |
Second printing. |
| 264 #1 - PUBLICATION, DISTRIBUTION, ETC. (IMPRINT) |
| Place of publication, distribution, etc |
Washington, DC : |
| Name of publisher, distributor, etc |
American Chemical Society |
| Date of publication, distribution, etc |
1989. |
| 300 ## - PHYSICAL DESCRIPTION |
| Extent |
xiii, 558 pages : |
| Other physical details |
illustrations ; |
| Dimensions |
24 cm. |
| 336 ## - CONTENT TYPE |
| Content type term |
text |
| Content type code |
txt |
| Source |
rdacontent |
| 337 ## - MEDIA TYPE |
| Media type term |
unmediated |
| Media type code |
n |
| Source |
rdamedia |
| 338 ## - CARRIER TYPE |
| Carrier type term |
volume |
| Carrier type code |
nc |
| Source |
rdacarrier |
| 490 0# - SERIES STATEMENT |
| Series statement |
Advances in chemistry series, |
| International Standard Serial Number |
00065-2393 ; |
| Volume number/sequential designation |
216 |
| 500 ## - GENERAL NOTE |
| General note |
"Developed from a symposium sponsored by the Division of Environmental Chemistry at the 190th Meeting of the American Chemical Society, Chicago, Illinois, September 8-13, 1985." |
| 504 ## - BIBLIOGRAPHY, ETC. NOTE |
| Bibliography, etc |
Includes bibliographical references and index. |
| 520 ## - SUMMARY, ETC. |
| Summary, etc |
Meant for marine, atmospheric, and industrial chemists, this book examines aquatic pollutants through a holistic approach. With sections highlighting air-water processes; water column processes; water-sediment processes; and case studies, it emphasizes the chemical and physical processes controlling solute behavior and fate in air and water. |
| 650 #7 - SUBJECT ADDED ENTRY--TOPICAL TERM |
| Topical term or geographic name as entry element |
Water |
| General subdivision |
Pollution |
| Form subdivision |
Congresses. |
| Source of heading or term |
BUEsh |
| 650 #7 - SUBJECT ADDED ENTRY--TOPICAL TERM |
| Topical term or geographic name as entry element |
Organic water pollutants |
| Form subdivision |
Congresses. |
| Source of heading or term |
BUEsh |
| 650 #7 - SUBJECT ADDED ENTRY--TOPICAL TERM |
| Topical term or geographic name as entry element |
Water chemistry |
| Form subdivision |
Congresses. |
| Source of heading or term |
BUEsh |
| 650 #7 - SUBJECT ADDED ENTRY--TOPICAL TERM |
| Topical term or geographic name as entry element |
Hydrodynamics |
| Form subdivision |
Congresses. |
| Source of heading or term |
BUEsh |
| 650 #7 - SUBJECT ADDED ENTRY--TOPICAL TERM |
| Topical term or geographic name as entry element |
Chemical kinetics |
| Form subdivision |
Congresses. |
| Source of heading or term |
BUEsh |
| 653 ## - INDEX TERM--UNCONTROLLED |
| Resource For college |
Engineering, Chemical |
| Arrived date list |
March2020 |
| 700 1# - ADDED ENTRY--PERSONAL NAME |
| Personal name |
Hites, R. A., |
| Relator term |
editor. |
| 700 1# - ADDED ENTRY--PERSONAL NAME |
| Personal name |
Eisenreich, S. J., |
| Relator term |
editor. |
| 710 2# - ADDED ENTRY--CORPORATE NAME |
| Corporate name or jurisdiction name as entry element |
American Chemical Society. |
| Subordinate unit |
Division of Environmental Chemistry. |
| 710 2# - ADDED ENTRY--CORPORATE NAME |
| Corporate name or jurisdiction name as entry element |
American Chemical Society. |
| Subordinate unit |
Meeting |
| Number of part/section/meeting |
(190th : |
| Location of meeting |
Chicago, Ill.) |
| 856 42 - ELECTRONIC LOCATION AND ACCESS |
| Materials specified |
Publisher description |
| Uniform Resource Identifier |
<a href="http://www.loc.gov/catdir/enhancements/fy0604/87001290-d.html">http://www.loc.gov/catdir/enhancements/fy0604/87001290-d.html</a> |
| 856 41 - ELECTRONIC LOCATION AND ACCESS |
| Materials specified |
Table of contents only |
| Uniform Resource Identifier |
<a href="http://www.loc.gov/catdir/enhancements/fy0604/87001290-t.html">http://www.loc.gov/catdir/enhancements/fy0604/87001290-t.html</a> |
| 942 ## - ADDED ENTRY ELEMENTS (KOHA) |
| Source of classification or shelving scheme |
Dewey Decimal Classification |
| Koha item type |
Book - Borrowing |